Qui a chanté cette chanson ? #6 - Statistiques

Statistiques générales
  • Ce quiz a été pris 160 fois
    100 depuis la dernière actualisation
  • Le résultat moyen est 10 sur 15
Statistiques - réponses
Chansons Chanteurs % Correct
Allumer Le Feu Johnny Hallyday
100%
J'irai Où Tu Iras Céline Dion / Jean-Jacques Goldman
86%
Désenchantée Mylène Farmer
85%
Je T'aimais, Je T'aime et Je T'aimerai Francis Cabrel
83%
Foule Sentimentale Alain Souchon
79%
Qui A Le Droit ? Patrick Bruel
79%
Savoir Aimer Florent Pagny
75%
Belle Garou
74%
Sensualité Axel Red
70%
La Tribu De Dana Manau
70%
Le Pouvoir Des Fleurs Laurent Voulzy
59%
Dur Dur d'Être Un Bébé Jordi
50%
Dieu M'a Donné La Foi Ophélie Winter
48%
Tu Ne M'as Pas Laissé Le Temps David Hallyday
45%
Les Valses De Vienne François Feldman
43%
Aucun quiz correspondant
Distribution des résultats
% des personnes avec chaque résultat
Percentile par nombre de réponses
Votre historique - résultats
Vous n’avez pas pris ce quiz depuis la dernière actualisation